หลักขัดกันของตำแหน่งหน้าที่ของรัฐ : (ระเบียนเลขที่ 74206)
| 000 -LEADER | |
|---|---|
| fixed length control field | 01405nam a22002177a 4500 |
| 003 - CONTROL NUMBER IDENTIFIER | |
| control field | NALT |
| 005 - DATE AND TIME OF LATEST TRANSACTION | |
| control field | 20251021103021.0 |
| 008 - FIXED-LENGTH DATA ELEMENTS--GENERAL INFORMATION | |
| fixed length control field | s2555 th tha d |
| 040 ## - CATALOGING SOURCE | |
| Original cataloging agency | NALT |
| 041 ## - LANGUAGE CODE | |
| Language code of text/sound track or separate title | tha |
| 090 ## - LOCALLY ASSIGNED LC-TYPE CALL NUMBER (OCLC); LOCAL CALL NUMBER (RLIN) | |
| Classification number (OCLC) (R) ; Classification number, CALL (RLIN) (NR) | KE 143.8 |
| Local cutter number (OCLC) ; Book number/undivided call number, CALL (RLIN) | ร357ห 2555 |
| 100 0# - MAIN ENTRY--PERSONAL NAME | |
| Personal name | รัฐวิทย์ เรืองประโคน |
| 9 (RLIN) | 21048 |
| 245 10 - TITLE STATEMENT | |
| Title | หลักขัดกันของตำแหน่งหน้าที่ของรัฐ : |
| Remainder of title | ศึกษากรณีบุคคลดำรงตำแหน่งฝ่ายนิติบัญญัติและตำแหน่งฝ่ายบริหารในเวลาเดียวกัน / |
| Statement of responsibility, etc. | รัฐวิทย์ เรืองประโคน. |
| 260 ## - PUBLICATION, DISTRIBUTION, ETC. | |
| Place of publication, distribution, etc. | กรุงเทพฯ : |
| Name of publisher, distributor, etc. | มหาวิทยาลัยธรรมศาสตร์, |
| Date of publication, distribution, etc. | 2555. |
| 300 ## - PHYSICAL DESCRIPTION | |
| Extent | 222 หน้า ; |
| Other physical details | |
| Dimensions | 30 ซม. |
| 650 #4 - SUBJECT ADDED ENTRY--TOPICAL TERM | |
| Topical term or geographic name entry element | ผู้ดำรงตำแหน่งทางการเมือง |
| 9 (RLIN) | 28421 |
| General subdivision | การขัดกันของหน้าที่ |
| -- | วิจัย |
| 653 #4 - INDEX TERM--UNCONTROLLED | |
| Uncontrolled term | การขัดกันของตำแหน่งหน้าที่ของรัฐ -- สหรัฐอเมริกา |
| 653 #4 - INDEX TERM--UNCONTROLLED | |
| Uncontrolled term | การขัดกันของตำแหน่งหน้าที่ของรัฐ -- อังกฤษ |
| 850 ## - HOLDING INSTITUTION | |
| Holding institution | NALT |
| 942 ## - ADDED ENTRY ELEMENTS (KOHA) | |
| Koha item type | Research/Thesis |
| Source of classification or shelving scheme | Local Classification |
| 998 ## - STAFF NAME (NALT) | |
| -- | 104 |
| -- | นางสาวสายฝน ดีงาม |
| Withdrawn status | Lost status | Source of classification or shelving scheme | Damaged status | Not for loan | Collection code | Home library | Current library | Shelving location | Source of acquisition | Total Checkouts | Full call number | Barcode | Date last seen | Copy number | Price effective from | Koha item type | Date acquired |
|---|---|---|---|---|---|---|---|---|---|---|---|---|---|---|---|---|---|
| Local Classification | Research & Theses collection | National Assembly Library of Thailand | National Assembly Library of Thailand | Research & Theses shelves | บริจาค | ว KE 143.8 ร357ห 2555 | 3961200606 | 09/06/2017 | ฉ.2 | 09/06/2017 | Research/Thesis | ||||||
| Local Classification | Research & Theses collection | National Assembly Library of Thailand | National Assembly Library of Thailand | Research & Theses shelves | บริจาค | ว KE 143.8 ร357ห 2555 | 3961200605 | 09/06/2017 | ฉ.1 | 09/06/2017 | Research/Thesis | ||||||
| Local Classification | Senate | National Assembly Library of Thailand | National Assembly Library of Thailand | Research & Theses shelves | ว KE 143.8 ร357ห 2555 | 0100009126001 | 17/11/2024 | 17/11/2024 | Research/Thesis | 17/11/2024 |
